[Event "Prague KS op-B"]
[Site "Prague"]
[Date "2007.??.??"]
[Round "5"]
[White "Kympl, Tomas"]
[Black "Pospisil, Vaclav"]
[Result "0-1"]
[WhiteElo "1000"]
[BlackElo "1508"]
[PlyCount "108"]
[EventDate "2007.??.??"]
[EventType "swiss"]
[EventRounds "7"]
[EventCountry "CZE"]
[SourceTitle "EXT 2008"]
[Source "ChessBase"]
[SourceDate "2007.11.25"]
[SourceVersion "1"]
[SourceVersionDate "2007.11.25"]
[SourceQuality "1"]

1. Nc3 d5 2. Nf3 Nf6 3. d4 Nc6 4. g3 Bg4 5. Ne5 Nxe5 6. dxe5 Nd7 7. Qd4 Bf5 8. Qd1 Nxe5 9. Bf4 Ng6 10. Nxd5 Nxf4 11. Nxf4 Be4 12. Bg2 Qxd1+ 13. Rxd1 Bxc2 14. Rc1 Ba4 15. 0-0 e6 16. Bxb7 Rb8 17. Rxc7 Be7 18. b3 Bd7 19. Rd1 Bb5 20. Bc6+ Bxc6 21. Rxc6 Rd8 22. Rdc1 Bd6 23. Nh5 Be5 24. b4 Kd7 25. b5 Rb8 26. Rd1+ Ke7 27. a4 Rhd8 28. Rb1 Rd2 29. e3 g5 30. a5 Ra2 31. Rc5 Bd6 32. Rxg5 Rxa5 33. Ng7 a6 34. Rc1 Rbxb5 35. Rg4 Rg5 36. h3 Rxg4 37. hxg4 Rb5 38. Rc8 a5 39. Rc4 Bb4 40. Rc7+ Kf8 41. Nh5 a4 42. Nf6 a3 43. Nxh7+ Kg7 44. Rc1 Kxh7 45. Rc2 Rd5 46. Kg2 Rd2 47. Rc1 a2 48. Kf3 Bc3 49. Rh1+ Kg6 50. Rh5 a1Q 51. Rc5 Qd1+ 52. Kg2 Qe2 53. Rxc3 Qxf2+ 54. Kh3 Qh2# 0-1

[Event "Prague KS op-B"]
[Site "Prague"]
[Date "2007.??.??"]
[Round "3"]
[White "Pospisil, Vaclav"]
[Black "Langer, Miroslav"]
[Result "0-1"]
[WhiteElo "1508"]
[BlackElo "1723"]
[PlyCount "70"]
[EventDate "2007.??.??"]
[EventType "swiss"]
[EventRounds "7"]
[EventCountry "CZE"]
[SourceTitle "EXT 2008"]
[Source "ChessBase"]
[SourceDate "2007.11.25"]
[SourceVersion "1"]
[SourceVersionDate "2007.11.25"]
[SourceQuality "1"]

1. e4 Nf6 2. Nc3 d5 3. e5 Nfd7 4. e6 fxe6 5. d4 g6 6. Bd3 Bg7 7. Nf3 Nc6 8. 0-0 0-0 9. Ne2 e5 10. Ng5 Nb6 11. dxe5 Nxe5 12. Nd4 Nxd3 13. Nde6 Bxe6 14. Nxe6 Qd6 15. Nxf8 Nxc1 16. Nxg6 Qxg6 17. Qxc1 e5 18. Qe3 d4 19. Qb3+ Qf7 20. Qxf7+ Kxf7 21. f4 e4 22. Rad1 Nd5 23. c3 Ne3 24. Rxd4 Bxd4 25. cxd4 Nxf1 26. Kxf1 Rd8 27. Ke2 Rxd4 28. Ke3 Rb4 29. b3 a5 30. g4 a4 31. a3 Rxb3+ 32. Kxe4 Rxa3 33. h4 Rc3 34. h5 a3 35. g5 a2 0-1